Ο σημερινός κόσμος : δοκίμια

Saved in:
Bibliographic Details
Main Author: Ζακόπουλος, Νίκος Ι., 1917-
Format: Book
Language:Greek
Published: Αθήνα : Φιλιππότη, 1990
Edition:3η έκδ.
Series:Σύγχρονος προβληματισμός (Φιλιππότης) ; 8
Subjects:
Tags: Add Tag
No Tags, Be the first to tag this record!

MARC

LEADER 00000nam a2200000 i 4500
001 1/14285
008 980428s1990 gre d
035 |l 10019365 
040 |a GR-MY-UA  |b gre  |e aacr 
041 0 |a gre 
082 0 |a 889.45 
100 1 |a Ζακόπουλος, Νίκος Ι.,   |d 1917- 
245 1 2 |a Ο σημερινός κόσμος :  |b δοκίμια /  |c Νίκος Ι. Ζακόπουλος 
250 |a 3η έκδ. 
260 |a Αθήνα :   |b Φιλιππότη,   |c 1990 
300 |a 190 σ. 
490 1 |a Σύγχρονος προβληματισμός  |v ; 8 
650 0 0 |a Greek essays, Modern. 
830 0 |a Σύγχρονος προβληματισμός (Φιλιππότης)  |v ; 8 
852 |a INST  |b LESVOS  |e 19980428  |h 889.45 ZAK  |p 005100014206  |q 005100014206  |t BK  |y 0 
901 |a BIBL-1998-2 
909 |a Λ  |b 055227 
922 |a 1ΕΛΗ  |b 199803  |c ΚΠΣ/ΤΚ  |d EMVASIS 
950 |a 103-1998-02-16